Diccionario del uso del español

Salvato in:
Dettagli Bibliografici
Autore principale: Moliner, María (autora)
Natura: Libro
Lingua:spagnolo
Pubblicazione: Madrid Gredos 1994
Edizione:1a. ed
Serie:Biblioteca Románica Hispánica, 5
Soggetti:
Tags: Aggiungi Tag
Nessun Tag, puoi essere il primo ad aggiungerne!!

MARC

LEADER 00000cam a2200000 a 4500
001 UCD0382
003 CL-VaPUC
008 151127e19940000sp |||||||||||||||||spa|d
020 |a 8424913442o.c 
020 |a 8424913469t.1 
020 |a 8424913485t.2 
082 0 4 |a 463  |b MOL  |2 21 
100 |a Moliner, María  |e autora  |9 614308 
245 1 0 |a Diccionario del uso del español 
250 |a 1a. ed 
300 |a t 
942 |c BK 
945 |d 20151127 13:45:00  |a dcastane 
260 |a Madrid  |b Gredos  |c 1994 
500 |a t.1: A-G 
500 |a t.2: H-Z 
650 0 |a Diccionarios  |9 256200 
650 0 |a Español  |9 255372 
650 7 |a USO DEL LENGUAJE  |2 CL-VaPUC  |9 583376 
650 0 |a Ortografía  |9 309144 
583 |a last modification  |c 20151127 13:45:00  |k Rodrigo Vera 
490 0 |a Biblioteca Románica Hispánica, 5 
999 |c 361946  |d 361944 
952 |0 0  |1 0  |3 erd  |4 0  |6 463_000000000000000_MOL_1994  |7 0  |8 X  |9 472702  |a BIBEDU  |b BIBEDU  |h t.1  |i 5252822  |o 463 MOL 1994  |p 5252822  |r 2023-01-13  |w 2019-11-24  |y BK_X  |z Catalogado en:20151127  |k CIT 
952 |0 0  |1 0  |3 erd  |4 0  |6 463_000000000000000_MOL_1994  |7 0  |8 X  |9 472703  |a BIBEDU  |b BIBEDU  |h t.2  |i 5252830  |o 463 MOL 1994  |p 5252830  |r 2023-01-13  |w 2019-11-24  |y BK_X  |z Catalogado en:20151127  |k CIT